00701nam a2200217Ia 4500003000400000005001700004008004100021020001500062040000700077041000800084082001700092100003000109245005800139260004000197300001100237365001200248906006100260942001200321999001900333952013100352OSt20230405104853.0210423s2007 xx 000 0 und d a8130904438 cAL aeng a809.935 BLOH aBLOOM (Harold),Ed.983144 aViva blooms notes Henry James the portrait of a lady. aNew DelhibViva Books Pvt Ltdc2007 a87bPB b70cINR ablooms ; Henry ; James ; lady. ; notes ; portrait ; Viva 2ddccBK c158094d158094 001040708MAENGaSACPGbSACPGd2010-06-26eViva Booksg70.00l0o809.935 BLOHpPG004571r2022-08-24 00:00:00w2021-04-26yBK